Central Library OPAC University of Rajshahi

The War of the Goldsmith's Daughter / (Record no. 26373)

MARC details
000 -LEADER
fixed length control field 00765cam a22002531 4500
001 - CONTROL NUMBER
control field 26373
003 - CONTROL NUMBER IDENTIFIER
rucl marc code BD-RjUL
005 - DATE AND TIME OF LATEST TRANSACTION
control field 20211209051016.0
008 - FIXED-LENGTH DATA ELEMENTS--GENERAL INFORMATION
fixed length control field 140322s1964 enkabj b 001 0 eng
035 ## - SYSTEM CONTROL NUMBER
System control number (BD-RjUL)26443
System control number (OCoLC)1133632
040 ## - CATALOGING SOURCE
Original cataloging agency DLC
Transcribing agency OAk
Modifying agency OCoLC
-- Uk
-- DLC
-- BD-RjUL
Language of cataloging eng
041 ## - LANGUAGE CODE
Language code of text/sound track or separate title eng
082 ## - DEWEY DECIMAL CLASSIFICATION NUMBER
Classification number 954.023
Author mark and year WAW 1964
100 1# - MAIN ENTRY--PERSONAL NAME
Personal name Watson, Adam,
Dates associated with a name 1914-2007.
9 (RLIN) 81093
245 14 - TITLE STATEMENT
Title The War of the Goldsmith's Daughter /
Statement of responsibility, etc. Adam Watson
260 ## - PUBLICATION, DISTRIBUTION, ETC. (IMPRINT)
Place of publication, distribution, etc. London :
Name of publisher, distributor, etc. Chatto & Windus,
Date of publication, distribution, etc. 1964.
300 ## - PHYSICAL DESCRIPTION
Pagination 237 p. ;
Illustrations illus., geneal. tables, maps. ;
Size 23 cm.
504 ## - BIBLIOGRAPHY, ETC. NOTE
Bibliography, etc Includes Bibliography: p. [232]-233 and index.
651 #0 - SUBJECT ADDED ENTRY--GEOGRAPHIC NAME
Geographic name India, South
General subdivision History.
9 (RLIN) 80723
942 ## - ADDED ENTRY ELEMENTS (KOHA)
Source of classification or shelving scheme Dewey Decimal Classification
Koha item type Books
Holdings
Lost status Source of classification or shelving scheme Damaged status Not for loan Collection code Permanent Location Current Location Shelving location Date acquired Source of acquisition Cost, normal purchase price Total Checkouts Full call number Date last seen Copy number Koha item type
  Dewey Decimal Classification   Added to bundle Non-fiction Central Library, University of Rajshahi Central Library, University of Rajshahi Reading Room 25/04/1967 Royal Book 26.25   954.023 WAW 1964 22/03/2014 C-1 Books